[Event "GoAudit Open 2022"]
[Site "Copenhagen"]
[Date "2022.11.04"]
[Round "1.1"]
[White "Hansen, Alex"]
[Black "Thybo, Jesper Sondergaard"]
[Result "0-1"]
[WhiteElo "1862"]
[BlackElo "2518"]
[PlyCount "92"]
[EventDate "2022.11.04"]
[EventType "swiss"]
[EventRounds "7"]
[EventCountry "DEN"]
[SourceTitle "Live"]

1. d4 Nf6 2. Nf3 g6 3. c4 Bg7 4. b3 O-O 5. Bb2 b6 6. e3 Bb7 7. Nbd2 c5 8. d5 e6
9. e4 exd5 10. exd5 Re8+ 11. Be2 Nxd5 12. Bxg7 Nf4 13. Be5 Nxe2 14. Qxe2 d6 15.
O-O-O Nd7 16. Ne4 Bxe4 17. Bxd6 Qf6 18. Qb2 Qf5 19. Qc3 Bxf3 20. Qxf3 Qxf3 21.
gxf3 Ne5 22. Bxe5 Rxe5 23. Rde1 Rf5 24. Re3 Rd8 25. Kc2 Rd4 26. Rg1 Rh4 27. Rg2
Rh3 28. f4 Rh4 29. Re7 a5 30. Re2 Rhxf4 31. Kd2 Kg7 32. Ke3 Rd4 33. f3 Rdf4 34.
Ref2 Kf6 35. Rg3 h5 36. Rd2 h4 37. Rh3 Ke7 38. Rd3 g5 39. Kf2 Rd4 40. Re3+ Kd7
41. Ke2 Rf6 42. Re5 Re6 43. Re3 Rxe3+ 44. Kxe3 f5 45. a3 f4+ 46. Ke2 a4 0-1

[Event "GoAudit Open 2022"]
[Site "Copenhagen"]
[Date "2022.11.04"]
[Round "1.2"]
[White "Ochsner, Bjorn Moller"]
[Black "Wehding, Laurits Bonsvig"]
[Result "0-1"]
[WhiteElo "2501"]
[BlackElo "1896"]
[PlyCount "94"]
[EventDate "2022.11.04"]
[EventType "swiss"]
[EventRounds "7"]
[EventCountry "DEN"]
[SourceTitle "Live"]

1. e4 e6 2. d4 d5 3. Nd2 dxe4 4. Nxe4 Nd7 5. Nf3 Ngf6 6. Nxf6+ Nxf6 7. g3 b6 8.
Bb5+ Bd7 9. a4 a6 10. Be2 Bc6 11. Rg1 Be7 12. Ne5 Bb7 13. Bf3 Bxf3 14. Qxf3 Qd5
15. Qxd5 exd5 16. Bf4 Bb4+ 17. c3 Bd6 18. a5 b5 19. O-O-O O-O 20. g4 Ne4 21.
Rgf1 f6 22. Nd3 Bxf4+ 23. Nxf4 c6 24. Nd3 Nd6 25. Nb4 Rfc8 26. Rfe1 Nc4 27. Re6
Nxa5 28. Rde1 c5 29. Nxd5 Rd8 30. Ne7+ Kf8 31. d5 Nc4 32. b3 Ne5 33. Rd1 Rd7
34. Nc6 Nf7 35. c4 bxc4 36. bxc4 Nd6 37. Na5 Rb8 38. Rd2 Rb4 39. Rb2 Ra4 40.
Rb8+ Kf7 41. Nb3 Rxc4+ 42. Kb1 Nb5 43. Rxa6 Nc3+ 44. Kb2 Nxd5 45. Rc6 Nb4 46.
Rcc8 Rc2+ 47. Ka3 Ra2# 0-1

[Event "GoAudit Open 2022"]
[Site "Copenhagen"]
[Date "2022.11.04"]
[Round "1.3"]
[White "Christensen, John Christopher H"]
[Black "Haubro, Martin"]
[Result "0-1"]
[WhiteElo "1865"]
[BlackElo "2398"]
[PlyCount "66"]
[EventDate "2022.11.04"]
[EventType "swiss"]
[EventRounds "7"]
[EventCountry "DEN"]
[SourceTitle "Live"]

1. e4 c5 2. Nf3 d6 3. d4 cxd4 4. Nxd4 Nf6 5. Nc3 a6 6. h4 b5 7. g3 Bb7 8. Bg2
e6 9. Qd3 Nbd7 10. Bg5 Qc7 11. Bxf6 Nxf6 12. O-O Be7 13. f4 O-O 14. Bf3 Rfd8
15. a3 Bf8 16. g4 e5 17. Nde2 exf4 18. Kg2 d5 19. Nxd5 Nxd5 20. exd5 Re8 21.
Be4 g6 22. Nxf4 Qe5 23. Rae1 Qxb2 24. d6 Rxe4 25. Rxe4 Qe5 26. Kf3 Bxd6 27. Ke3
Bc5+ 28. Kf3 Re8 29. Rfe1 f5 30. gxf5 gxf5 31. Qb3+ Kh8 32. Qf7 Bxe4+ 33. Kg3
Rg8+ 0-1

[Event "GoAudit Open 2022"]
[Site "Copenhagen"]
[Date "2022.11.04"]
[Round "1.4"]
[White "Hoi, Carsten"]
[Black "Iversen, Flemming Pagh"]
[Result "1-0"]
[WhiteElo "2344"]
[BlackElo "1779"]
[PlyCount "43"]
[EventDate "2022.11.04"]
[EventType "swiss"]
[EventRounds "7"]
[EventCountry "DEN"]
[SourceTitle "Live"]

1. d4 g6 2. c4 Bg7 3. Nc3 d6 4. e4 Nf6 5. f3 O-O 6. Be3 Nc6 7. Nge2 e5 8. Qd2
exd4 9. Nxd4 Nxd4 10. Bxd4 Re8 11. O-O-O a6 12. g4 Nd7 13. Bxg7 Kxg7 14. h4 Ne5
15. Be2 h6 16. Kb1 Bd7 17. Nd5 b5 18. Qc3 c6 19. Ne3 Qf6 20. Rhf1 b4 21. Qxb4
c5 22. Qc3 1-0

[Event "GoAudit Open 2022"]
[Site "Copenhagen"]
[Date "2022.11.04"]
[Round "1.5"]
[White "van den Brink, Nienke"]
[Black "Kistrup, Nicolai"]
[Result "0-1"]
[WhiteElo "1785"]
[BlackElo "2263"]
[PlyCount "102"]
[EventDate "2022.11.04"]
[EventType "swiss"]
[EventRounds "7"]
[EventCountry "DEN"]
[SourceTitle "Live"]

1. e4 e5 2. Nf3 Nc6 3. d4 exd4 4. Nxd4 Nf6 5. Nxc6 bxc6 6. e5 Qe7 7. Qe2 Nd5 8.
c4 Ba6 9. Nd2 g6 10. Ne4 Bg7 11. Bg5 Qxe5 12. Nc5 Nb4 13. Qxe5+ Bxe5 14. O-O-O
d6 15. Nxa6 Nxa6 16. f4 Bg7 17. Re1+ Kf8 18. Bd3 Rb8 19. b3 Nc5 20. Bc2 Ne6 21.
Rhf1 a5 22. Bh4 Nd4 23. Bb1 a4 24. bxa4 Nf5 25. Bf2 Bb2+ 26. Kc2 Kg7 27. g4
Nd4+ 28. Bxd4+ Bxd4 29. Kd3 c5 30. Bc2 Rhe8 31. Bb3 f6 32. Re2 Rxe2 33. Kxe2
Re8+ 34. Kd2 f5 35. gxf5 gxf5 36. Bc2 Kf6 37. Re1 Bc3+ 38. Kxc3 Rxe1 39. a5
Re3+ 40. Kb2 Re8 41. Ba4 Ra8 42. Bb5 Rxa5 43. a4 Ra8 44. Kc3 Ke6 45. Kb3 Ra7
46. h3 d5 47. cxd5+ Kxd5 48. Bd7 c4+ 49. Kc3 c6 50. Bxf5 Rxa4 51. Bxh7 Ra3+ 0-1

[Event "GoAudit Open 2022"]
[Site "Copenhagen"]
[Date "2022.11.04"]
[Round "1.6"]
[White "Jacobsen, Mikkel Manosri"]
[Black "Wehding, Anton Bonsvig"]
[Result "1-0"]
[WhiteElo "2262"]
[BlackElo "1843"]
[PlyCount "45"]
[EventDate "2022.11.04"]
[EventType "swiss"]
[EventRounds "7"]
[EventCountry "DEN"]
[SourceTitle "Live"]

1. d4 Nf6 2. Nf3 e6 3. Bf4 d5 4. e3 c5 5. c3 Nc6 6. Nbd2 Bd7 7. Bd3 c4 8. Bc2
Be7 9. h3 b5 10. Qe2 b4 11. e4 Qa5 12. Qe3 b3 13. Bb1 O-O-O 14. O-O h6 15. Ne5
Nxe5 16. Bxe5 g5 17. Qf3 Nxe4 18. Bxe4 dxe4 19. Qxe4 Qd5 20. Bxh8 Rxh8 21. axb3
g4 22. Rxa7 Bc6 23. Qxd5 1-0

[Event "GoAudit Open 2022"]
[Site "Copenhagen"]
[Date "2022.11.04"]
[Round "1.7"]
[White "Moller, Arne Vagn"]
[Black "Thorsbro, Peter"]
[Result "0-1"]
[WhiteElo "1798"]
[BlackElo "2229"]
[PlyCount "112"]
[EventDate "2022.11.04"]
[EventType "swiss"]
[EventRounds "7"]
[EventCountry "DEN"]
[SourceTitle "Live"]

1. e4 e5 2. Nf3 Nc6 3. Bb5 Nf6 4. O-O a6 5. Ba4 b5 6. Bb3 Be7 7. Re1 O-O 8. c3
d6 9. h3 Bb7 10. d4 h6 11. Bc2 Re8 12. d5 Nb8 13. b3 Nbd7 14. Be3 Nf8 15. Nbd2
Ng6 16. Nf1 c6 17. c4 cxd5 18. cxd5 Rc8 19. Qd2 Qc7 20. Rac1 Nh5 21. g3 Qd7 22.
Kg2 Rc7 23. N1h2 Bc8 24. Ng4 Nf6 25. Nxf6+ Bxf6 26. Rh1 Bb7 27. h4 Rcc8 28. h5
Nf8 29. Nh4 Bxh4 30. Rxh4 Kh7 31. Rch1 Qc7 32. Rc1 Qc3 33. Qe2 Qb2 34. f4 Rc3
35. Rhh1 Rec8 36. Bd3 Qxe2+ 37. Bxe2 Rxe3 38. Rxc8 Bxc8 39. Bf3 f6 40. Rc1 Bd7
41. Rc7 Rd3 42. fxe5 Rd2+ 43. Kg1 fxe5 44. Rb7 Rxa2 45. Rb6 a5 46. Rxd6 a4 47.
bxa4 bxa4 48. Ra6 Kg8 49. Bg2 Bg4 50. d6 Kf7 51. Bf1 Be6 52. Bb5 a3 53. Ra7+
Kf6 54. d7 Rd2 55. Rxa3 Nxd7 56. Rf3+ Kg5 0-1

[Event "GoAudit Open 2022"]
[Site "Copenhagen"]
[Date "2022.11.04"]
[Round "1.8"]
[White "Pedersen, Daniel Vesterbaek"]
[Black "Knudsen, Martin Mosgaard"]
[Result "1-0"]
[WhiteElo "2223"]
[BlackElo "1676"]
[PlyCount "35"]
[EventDate "2022.11.04"]
[EventType "swiss"]
[EventRounds "7"]
[EventCountry "DEN"]
[SourceTitle "Live"]

1. e4 e6 2. d4 d5 3. Nc3 Nf6 4. Bg5 dxe4 5. Nxe4 Be7 6. Bxf6 gxf6 7. g3 f5 8.
Nc3 Bf6 9. Nge2 Nc6 10. d5 Nb4 11. Bg2 a6 12. O-O Qe7 13. Re1 Qc5 14. Nf4 Qb6
15. a3 Nxc2 16. Qxc2 Bd7 17. dxe6 fxe6 18. Ncd5 1-0

[Event "GoAudit Open 2022"]
[Site "Copenhagen"]
[Date "2022.11.04"]
[Round "1.9"]
[White "Hansen, Claus Ago"]
[Black "Brorsen, Jacob Abildlund"]
[Result "0-1"]
[WhiteElo "1741"]
[BlackElo "2201"]
[PlyCount "123"]
[EventDate "2022.11.04"]
[EventType "swiss"]
[EventRounds "7"]
[EventCountry "DEN"]
[SourceTitle "Live"]

1. e4 c6 2. d4 d5 3. e5 c5 4. Nf3 Nc6 5. dxc5 Bg4 6. Bb5 e6 7. O-O Bxc5 8.
Bxc6+ bxc6 9. c3 Ne7 10. Bf4 O-O 11. Nbd2 a5 12. Qa4 Bh5 13. h3 Rb8 14. Rad1
Qc7 15. g4 Bg6 16. Nb3 Bb6 17. Nbd4 Rfc8 18. Nh4 Bxd4 19. cxd4 Rxb2 20. Nxg6
hxg6 21. Rb1 Rcb8 22. Rxb2 Rxb2 23. Rc1 Qb6 24. Bg5 Rb4 25. Qc2 Qb7 26. Bxe7
Qxe7 27. Qxc6 Rb8 28. Rc5 Kh7 29. Rxa5 Qh4 30. Qc3 Qg5 31. a4 Qf4 32. Rb5 Ra8
33. a5 Qe4 34. Rb6 Qe2 35. Qa1 Qd3 36. a6 Qxh3 37. a7 Qxg4+ 38. Kf1 Qe4 39. Qa6
Qh1+ 40. Ke2 Qe4+ 41. Kf1 Qxd4 42. Rb7 Qd1+ 43. Kg2 Qg4+ 44. Kf1 Qc4+ 45. Qxc4
dxc4 46. Ke1 g5 47. Kd2 Kg6 48. Kc3 Kf5 49. Kxc4 Kxe5 50. Kc5 f5 51. Rxg7 g4
52. Kb6 Kf4 53. Kb7 Rxa7+ 54. Kxa7 Kf3 55. Re7 Kxf2 56. Rxe6 f4 57. Kb6 g3 58.
Rc6 g2 59. Rc2+ Kg3 60. Rc1 f3 61. Kc5 f2 62. Kd4 0-1

[Event "GoAudit Open 2022"]
[Site "Copenhagen"]
[Date "2022.11.04"]
[Round "2.1"]
[White "Thybo, Jesper Sondergaard"]
[Black "Jaksland, Tim"]
[Result "1-0"]
[WhiteElo "2518"]
[BlackElo "2100"]
[PlyCount "47"]
[EventDate "2022.11.04"]
[EventType "swiss"]
[EventRounds "7"]
[EventCountry "DEN"]
[SourceTitle "Live"]

1. e4 e5 2. Nf3 Nc6 3. Bb5 a6 4. Bxc6 dxc6 5. Nc3 Qf6 6. d4 exd4 7. Bg5 Qd6 8.
Qxd4 Qxd4 9. Nxd4 Be7 10. Bf4 Bd6 11. Bxd6 cxd6 12. Na4 b5 13. Nb6 Rb8 14. Nxc8
Rxc8 15. Nf5 Kd7 16. O-O-O d5 17. exd5 g6 18. dxc6+ Kxc6 19. Nd6 Rc7 20. Ne4
Re7 21. Rhe1 f5 22. Ng5 h6 23. Nf3 g5 24. Nd4+ 1-0

[Event "GoAudit Open 2022"]
[Site "Copenhagen"]
[Date "2022.11.04"]
[Round "2.2"]
[White "Haubro, Martin"]
[Black "Guindy, Esmat Susanne"]
[Result "1-0"]
[WhiteElo "2398"]
[BlackElo "2069"]
[PlyCount "39"]
[EventDate "2022.11.04"]
[EventType "swiss"]
[EventRounds "7"]
[EventCountry "DEN"]
[SourceTitle "Live"]

1. e4 e6 2. d4 d5 3. Nc3 Nf6 4. e5 Nfd7 5. f4 c5 6. Nf3 Nc6 7. Be3 a6 8. Ne2 b5
9. c3 Qb6 10. h4 a5 11. h5 b4 12. Kf2 Ba6 13. g4 h6 14. f5 O-O-O 15. Nf4 Re8
16. Bh3 Kb7 17. a3 b3 18. g5 Ncb8 19. g6 cxd4 20. cxd4 1-0

[Event "GoAudit Open 2022"]
[Site "Copenhagen"]
[Date "2022.11.04"]
[Round "2.3"]
[White "Marthedal, Anton Mehmet Yildiz"]
[Black "Hoi, Carsten"]
[Result "1/2-1/2"]
[WhiteElo "2011"]
[BlackElo "2344"]
[PlyCount "161"]
[EventDate "2022.11.04"]
[EventType "swiss"]
[EventRounds "7"]
[EventCountry "DEN"]
[SourceTitle "Live"]

1. d4 Nf6 2. c4 g6 3. Nc3 Bg7 4. e4 d6 5. Nf3 O-O 6. Be2 Bg4 7. Be3 Nfd7 8. Ng1
Bxe2 9. Ngxe2 e5 10. O-O Nc6 11. d5 Ne7 12. b4 a5 13. a3 f5 14. f3 b6 15. Qd2
f4 16. Bf2 g5 17. c5 axb4 18. cxd6 bxc3 19. dxe7 cxd2 20. exd8=Q Rfxd8 21. Rfd1
Bf8 22. Rxd2 Rxa3 23. Rxa3 Bxa3 24. Rc2 Bc5 25. Nc3 Kf8 26. Nb5 Rc8 27. Bxc5+
bxc5 28. Ra2 c4 29. Ra7 Nc5 30. Kf2 Rb8 31. Na3 Rb2+ 32. Kf1 c3 33. Rxc7 c2 34.
Rxc5 Rb1+ 35. Kf2 c1=Q 36. Rxc1 Rxc1 37. Nb5 Rc2+ 38. Kf1 Ke7 39. Na7 Kd6 40.
Nc6 Ra2 41. h3 h5 42. Kg1 Ra8 43. Kf2 Rg8 44. Na5 Rc8 45. Nc6 Ra8 46. Ke2 Ra3
47. Nd8 Ra7 48. Nc6 Rg7 49. Na5 Kc5 50. Nc6 Kd6 51. Na5 Re7 52. Nc6 Re8 53. Kf2
Rc8 54. Ke2 Ra8 55. Kf2 Ra2+ 56. Kf1 g4 57. hxg4 hxg4 58. Nd8 gxf3 59. gxf3 Ke7
60. Nc6+ Kf6 61. Ke1 Ra8 62. Kf2 Rh8 63. Kg2 Rh5 64. Kf2 Kf7 65. Nd8+ Ke7 66.
Nc6+ Kd6 67. Nd8 Rh2+ 68. Kg1 Rh5 69. Kf2 Kc5 70. Nf7 Kb6 71. Nd8 Kc7 72. Nc6
Kd6 73. Kg2 Rh8 74. Kf2 Rc8 75. Ke2 Rc7 76. Kf2 Rxc6 77. dxc6 Kxc6 78. Ke2 Kb6
79. Kd2 Kb5 80. Kd3 Kb4 81. Kd2 1/2-1/2

[Event "GoAudit Open 2022"]
[Site "Copenhagen"]
[Date "2022.11.04"]
[Round "2.4"]
[White "Kistrup, Nicolai"]
[Black "Wahlgreen, Noah Krug"]
[Result "1-0"]
[WhiteElo "2263"]
[BlackElo "2023"]
[PlyCount "113"]
[EventDate "2022.11.04"]
[EventType "swiss"]
[EventRounds "7"]
[EventCountry "DEN"]
[SourceTitle "Live"]

1. d4 d5 2. c4 e6 3. Nf3 a6 4. Bg5 Be7 5. Bxe7 Qxe7 6. Qc2 dxc4 7. Qxc4 b5 8.
Qc2 Nf6 9. Nbd2 Bb7 10. Rc1 Nc6 11. e3 O-O 12. Qc5 Qd6 13. Bd3 h6 14. O-O Nd7
15. Qc3 Rac8 16. Be4 Nd8 17. Bxb7 Nxb7 18. b4 Nb6 19. e4 Na4 20. Qb3 a5 21. a3
axb4 22. axb4 Ra8 23. Rc2 Ra6 24. Rfc1 c6 25. e5 Qd7 26. Ne4 Rfa8 27. h4 Qd5
28. Qxd5 cxd5 29. Rc8+ Kh7 30. Ned2 Nb2 31. Rxa8 Rxa8 32. Rc7 Nd8 33. Rc5 Rb8
34. Ne1 Kg6 35. Nb1 Ra8 36. Nc2 Ra2 37. Nc3 Ra8 38. Nxb5 Nd3 39. Rc3 Nxb4 40.
Nxb4 Ra1+ 41. Kh2 Rb1 42. Nd6 Rxb4 43. Rc8 Rxd4 44. Rxd8 Rxh4+ 45. Kg3 Rh1 46.
Rd7 f6 47. Re7 Re1 48. Rxe6 Rxe5 49. Rxe5 fxe5 50. Nb5 Kf5 51. Kf3 d4 52. Nd6+
Ke6 53. Ne8 g6 54. Ke4 Ke7 55. Nc7 Kd6 56. Nd5 Ke6 57. Nb4 1-0

[Event "GoAudit Open 2022"]
[Site "Copenhagen"]
[Date "2022.11.04"]
[Round "2.5"]
[White "Andries, Alf"]
[Black "Jacobsen, Mikkel Manosri"]
[Result "0-1"]
[WhiteElo "1948"]
[BlackElo "2262"]
[PlyCount "48"]
[EventDate "2022.11.04"]
[EventType "swiss"]
[EventRounds "7"]
[EventCountry "DEN"]
[SourceTitle "Live"]

1. e4 c6 2. d4 d5 3. e5 Bf5 4. Nf3 e6 5. Be2 Ne7 6. O-O Nd7 7. Nbd2 h6 8. Nb3
g5 9. Ne1 Qc7 10. Nd3 Bg7 11. f4 Ng6 12. fxg5 hxg5 13. Bg4 Ne7 14. Bxg5 f6 15.
Bf4 fxe5 16. dxe5 O-O-O 17. Nbc5 Nxc5 18. Nxc5 Qb6 19. b4 Rh4 20. Bxf5 Nxf5 21.
a3 Bf8 22. g3 Bxc5+ 23. bxc5 Qxc5+ 24. Kg2 Rxf4 0-1

[Event "GoAudit Open 2022"]
[Site "Copenhagen"]
[Date "2022.11.04"]
[Round "2.6"]
[White "Thorsbro, Peter"]
[Black "Nielsen Refs, Karl Emil Elmer"]
[Result "1-0"]
[WhiteElo "2229"]
[BlackElo "2063"]
[PlyCount "73"]
[EventDate "2022.11.04"]
[EventType "swiss"]
[EventRounds "7"]
[EventCountry "DEN"]
[SourceTitle "Live"]

1. d4 Nf6 2. Nf3 g6 3. c4 Bg7 4. Nc3 d5 5. Bf4 O-O 6. e3 c6 7. Be2 Nbd7 8. cxd5
cxd5 9. Qb3 Nb6 10. Nb5 Bf5 11. Rc1 Nc4 12. O-O Na5 13. Qa3 Nc6 14. Ne5 Qb6 15.
Nxc6 bxc6 16. Nc3 Rfc8 17. Na4 Qd8 18. Ba6 Nh5 19. Bxc8 Nxf4 20. Bxf5 Ne2+ 21.
Kh1 Nxc1 22. Bg4 h5 23. Bf3 e5 24. dxe5 Bxe5 25. Rxc1 Bd6 26. Nc5 Qf6 27. b4 d4
28. Ne4 Qe5 29. Nxd6 Qxd6 30. Rxc6 Qe5 31. Rc5 Qd6 32. Bxa8 dxe3 33. Rd5 e2 34.
Qc3 Qf6 35. Re5 Qxf2 36. Re8+ Kh7 37. Qh8# 1-0

[Event "GoAudit Open 2022"]
[Site "Copenhagen"]
[Date "2022.11.04"]
[Round "2.7"]
[White "Mollasoltani, Aryan"]
[Black "Pedersen, Daniel Vesterbaek"]
[Result "0-1"]
[WhiteElo "1963"]
[BlackElo "2223"]
[PlyCount "90"]
[EventDate "2022.11.04"]
[EventType "swiss"]
[EventRounds "7"]
[EventCountry "DEN"]
[SourceTitle "Live"]

1. e4 c5 2. Nf3 d6 3. d4 cxd4 4. Nxd4 Nf6 5. Nc3 a6 6. h3 e5 7. Nb3 Be7 8. Be3
Be6 9. Qf3 Nbd7 10. g4 O-O 11. g5 Ne8 12. h4 b5 13. O-O-O Nb6 14. Bxb6 Qxb6 15.
Nd5 Bxd5 16. Rxd5 Nc7 17. Rd1 Ne6 18. Qe3 Qc7 19. Bh3 Nf4 20. Kb1 a5 21. Rd2 a4
22. Nc1 b4 23. Ne2 Ne6 24. Bxe6 fxe6 25. f4 Ra6 26. Rhd1 exf4 27. Nxf4 Qc8 28.
Nh5 Qc4 29. Rd4 Qc5 30. Qd2 Rb6 31. b3 a3 32. Rc4 Qe5 33. Qd4 Rf2 34. Qxe5 dxe5
35. Rc8+ Kf7 36. Rc7 Rd6 37. Rc1 Rf3 38. Nxg7 Kxg7 39. Rxe7+ Kg6 40. Rb7 Rd4
41. Rb6 Rxe4 42. Rxe6+ Kf7 43. Rd6 Rxh4 44. Rd7+ Kg6 45. Rd5 Re4 0-1

[Event "GoAudit Open 2022"]
[Site "Copenhagen"]
[Date "2022.11.04"]
[Round "2.8"]
[White "Brorsen, Jacob Abildlund"]
[Black "Falkesgaard, Jeppe Hald"]
[Result "1-0"]
[WhiteElo "2201"]
[BlackElo "1935"]
[PlyCount "57"]
[EventDate "2022.11.04"]
[EventType "swiss"]
[EventRounds "7"]
[EventCountry "DEN"]
[SourceTitle "Live"]

1. c4 c5 2. Nc3 g6 3. Nf3 Bg7 4. d4 cxd4 5. Nxd4 Nc6 6. Nc2 Nf6 7. e4 O-O 8.
Be2 d6 9. O-O Be6 10. Ne3 Rc8 11. Rb1 a6 12. b3 Qa5 13. Bb2 Nd7 14. Rc1 Rfe8
15. Kh1 Na7 16. f4 Nc5 17. f5 Bd7 18. f6 Bxf6 19. Rxf6 exf6 20. Ned5 Qd8 21. b4
Ne6 22. Qf1 Nc6 23. Nxf6+ Kg7 24. Ncd5 Ne5 25. c5 Bc6 26. cxd6 Bxd5 27. Rxc8
Qxf6 28. Rxe8 Bc6 29. Rg8+ 1-0

[Event "GoAudit Open 2022"]
[Site "Copenhagen"]
[Date "2022.11.04"]
[Round "2.9"]
[White "Saravana, Vedant Kumar"]
[Black "Moe, Mogens"]
[Result "0-1"]
[WhiteElo "1905"]
[BlackElo "2167"]
[PlyCount "94"]
[EventDate "2022.11.04"]
[EventType "swiss"]
[EventRounds "7"]
[EventCountry "DEN"]
[SourceTitle "Live"]

1. e4 c5 2. Nf3 Nc6 3. Bb5 Nd4 4. Nc3 a6 5. Be2 e6 6. a4 Ne7 7. O-O Nec6 8. e5
Qc7 9. d3 Nxe5 10. Be3 Nf5 11. Ne4 Be7 12. Qd2 Nxe3 13. Qxe3 O-O 14. Nfg5 d5
15. Nxc5 d4 16. Qxd4 Bxg5 17. f4 Be7 18. Nxa6 bxa6 19. Qxe5 Bd6 20. Qg5 Qxc2
21. Bf3 Rb8 22. Be4 f5 23. Rac1 Qxb2 24. Rc6 Qa3 25. Bf3 Bb7 26. Rcc1 Bxf3 27.
gxf3 Qxd3 28. Kh1 Rb2 29. Rcd1 Qc2 30. Qg3 Qc7 31. Rc1 Qb8 32. Rg1 g6 33. Qe1
Re8 34. Qc3 Bxf4 35. Rc2 Rxc2 36. Qxc2 Qc7 37. Qxc7 Bxc7 38. Rc1 Re7 39. Rc6 a5
40. Kg2 Kf7 41. h3 Ke8 42. Kf2 Kd7 43. Ra6 Re8 44. Ke2 Rb8 45. Kd2 Rb4 46. Kc3
Rxa4 47. Kb3 Rh4 0-1

[Event "GoAudit Open 2022"]
[Site "Copenhagen"]
[Date "2022.11.04"]
[Round "3.1"]
[White "Pedersen, Daniel Vesterbaek"]
[Black "Thybo, Jesper Sondergaard"]
[Result "1/2-1/2"]
[WhiteElo "2223"]
[BlackElo "2518"]
[PlyCount "50"]
[EventDate "2022.11.04"]
[EventType "swiss"]
[EventRounds "7"]
[EventCountry "DEN"]
[SourceTitle "Live"]

1. e4 c5 2. Nf3 Nc6 3. d4 cxd4 4. Nxd4 Qb6 5. Nb3 Nf6 6. Nc3 e6 7. Bd3 a6 8.
Be3 Qc7 9. f4 Bb4 10. Qf3 d6 11. g4 b5 12. g5 Nd7 13. Bd2 Bb7 14. a3 Bc5 15.
Nxc5 dxc5 16. Qh3 O-O-O 17. O-O-O b4 18. Na4 Nd4 19. Qe3 e5 20. axb4 exf4 21.
Qxf4 Ne5 22. Kb1 c4 23. Bf1 Ndf3 24. Bh3+ Kb8 25. Bc3 Rxd1+ 1/2-1/2

[Event "GoAudit Open 2022"]
[Site "Copenhagen"]
[Date "2022.11.04"]
[Round "3.2"]
[White "Brorsen, Jacob Abildlund"]
[Black "Haubro, Martin"]
[Result "1-0"]
[WhiteElo "2201"]
[BlackElo "2398"]
[PlyCount "97"]
[EventDate "2022.11.04"]
[EventType "swiss"]
[EventRounds "7"]
[EventCountry "DEN"]
[SourceTitle "Live"]

1. d4 Nf6 2. c4 e6 3. Nc3 Bb4 4. Qc2 d5 5. Nf3 dxc4 6. e4 b5 7. a4 c6 8. Be2
Bb7 9. O-O a6 10. Bg5 h6 11. Bh4 Nbd7 12. e5 g5 13. Bg3 Nd5 14. Ne4 N7b6 15.
Nd6+ Bxd6 16. exd6 Nf4 17. Bxf4 gxf4 18. Qe4 Qxd6 19. Ne5 Nd5 20. Bh5 O-O-O 21.
Nxf7 Qe7 22. Bg4 Rhe8 23. Nxd8 Kxd8 24. Rfe1 Qg5 25. Bf3 Kd7 26. Qh7+ Re7 27.
Qh8 Re8 28. Qh7+ Re7 29. Qc2 Nb4 30. Qd2 Nd3 31. axb5 axb5 32. Red1 Kc8 33. Ra7
Qf6 34. Qc3 Rd7 35. Bg4 Kb8 36. Rda1 Qxd4 37. Bxe6 Qxc3 38. bxc3 Re7 39. Bf5
Re2 40. R7a2 Rxa2 41. Rxa2 Nc5 42. g3 fxg3 43. fxg3 Na4 44. Rc2 c5 45. h4 Bd5
46. Bd7 Be4 47. Rc1 b4 48. cxb4 Nb6 49. Be6 1-0

[Event "GoAudit Open 2022"]
[Site "Copenhagen"]
[Date "2022.11.04"]
[Round "3.4"]
[White "Jacobsen, Mikkel Manosri"]
[Black "Laursen, Niels Norskov"]
[Result "1/2-1/2"]
[WhiteElo "2262"]
[BlackElo "2166"]
[PlyCount "170"]
[EventDate "2022.11.04"]
[EventType "swiss"]
[EventRounds "7"]
[EventCountry "DEN"]
[SourceTitle "Live"]

1. d4 Nf6 2. Nf3 g6 3. Bf4 Bg7 4. c3 d6 5. Nbd2 O-O 6. e4 Nc6 7. Be2 Bg4 8. h3
Bxf3 9. Bxf3 e5 10. dxe5 Nxe5 11. Be2 Re8 12. O-O Ned7 13. Qc2 d5 14. Bf3 dxe4
15. Nxe4 Ne5 16. Bxe5 Rxe5 17. Rad1 Qe7 18. Nxf6+ Qxf6 19. Bxb7 Rb8 20. Bd5 Qb6
21. b3 Qc5 22. Qd3 Re7 23. c4 Rbe8 24. Bf3 Qa5 25. Bc6 Rb8 26. Rd2 Qb6 27. Qf3
Re6 28. Bd5 Rf6 29. Qe2 c6 30. Bf3 Re6 31. Qd3 c5 32. Qd7 Bf6 33. Bd5 Rd8 34.
Bxe6 fxe6 35. Qxd8+ Bxd8 36. Rd7 Bf6 37. Re1 a5 38. Re3 Bd4 39. Rf3 a4 40. Rff7
axb3 41. Rfe7 Qb8 42. axb3 Qc8 43. Kf1 Bc3 44. f3 Bd4 45. Rxh7 Qf8 46. Rhe7 Qc8
47. Ke2 Bc3 48. Kd3 Bd4 49. b4 Bf6 50. Rf7 cxb4 51. Ra7 b3 52. Rxf6 Qd8+ 53.
Kc3 Qxf6+ 54. Kxb3 Qd4 55. Ra5 Kf7 56. Ra2 Qb6+ 57. Kc3 Qc5 58. Re2 Qa3+ 59.
Kd2 Kf6 60. Ke1 Qc1+ 61. Kf2 Qxc4 62. Re4 Qc2+ 63. Kg3 e5 64. Rg4 Kf5 65. h4
Qe2 66. Rg5+ Kf6 67. Rg4 Qe1+ 68. Kh3 Qh1+ 69. Kg3 Qe1+ 70. Kh3 Qf2 71. Kh2 Kf5
72. Kh3 Qd2 73. Kh2 Qd3 74. Kh3 Ke6 75. Kh2 Kd5 76. Kg3 Qc2 77. Kh2 Qf2 78. Kh3
Qc2 79. Kh2 Qf5 80. Kg3 Ke6 81. Re4 Kd5 82. Rg4 Qd3 83. Kh2 Qf5 84. Kg3 Qe6 85.
Re4 Qf5 1/2-1/2

[Event "GoAudit Open 2022"]
[Site "Copenhagen"]
[Date "2022.11.04"]
[Round "3.5"]
[White "Eriksson, Christian Altenburg"]
[Black "Thorsbro, Peter"]
[Result "1/2-1/2"]
[WhiteElo "2129"]
[BlackElo "2229"]
[PlyCount "58"]
[EventDate "2022.11.04"]
[EventType "swiss"]
[EventRounds "7"]
[EventCountry "DEN"]
[SourceTitle "Live"]

1. e4 e5 2. Nf3 Nc6 3. d4 exd4 4. Nxd4 Nf6 5. Nxc6 bxc6 6. e5 Qe7 7. Qe2 Nd5 8.
c4 Nb6 9. Nc3 Qe6 10. Qe4 d5 11. exd6 Bxd6 12. Bd3 O-O 13. O-O f5 14. Qh4 Be7
15. Bg5 Bxg5 16. Qxg5 Nxc4 17. Rfe1 Ne5 18. f4 Qd6 19. Rxe5 Qxd3 20. Rd1 h6 21.
Qg6 Qc4 22. Kh1 Bb7 23. Re7 Rf7 24. Rxf7 Qxf7 25. Qxf7+ Kxf7 26. Rd7+ Kf6 27.
Rxc7 Re8 28. Kg1 Re7 29. Rxe7 Kxe7 1/2-1/2

[Event "GoAudit Open 2022"]
[Site "Copenhagen"]
[Date "2022.11.04"]
[Round "3.6"]
[White "Hoi, Carsten"]
[Black "Wehding, Laurits Bonsvig"]
[Result "1-0"]
[WhiteElo "2344"]
[BlackElo "1896"]
[PlyCount "59"]
[EventDate "2022.11.04"]
[EventType "swiss"]
[EventRounds "7"]
[EventCountry "DEN"]
[SourceTitle "Live"]

1. d4 Nf6 2. c4 e6 3. Nc3 Bb4 4. e3 d5 5. Bd3 O-O 6. Nge2 c5 7. a3 cxd4 8. axb4
dxc3 9. Nxc3 dxc4 10. Bxc4 Qxd1+ 11. Kxd1 Nc6 12. b5 Ne5 13. Be2 b6 14. f4 Ned7
15. Bf3 Rb8 16. Rxa7 e5 17. b4 Re8 18. Bc6 Ng4 19. Kc2 exf4 20. exf4 Re7 21.
Rd1 Ngf6 22. f5 Kf8 23. Bf4 Ne5 24. Rd8+ Ne8 25. Rxe7 Bxf5+ 26. Kc1 Kxe7 27.
Rxb8 Nd3+ 28. Kd2 Nf6 29. Bg5 Nxb4 30. Bf4 {Kf8} 1-0

[Event "GoAudit Open 2022"]
[Site "Copenhagen"]
[Date "2022.11.04"]
[Round "3.7"]
[White "Ochsner, Bjorn Moller"]
[Black "Marthedal, Anton Mehmet Yildiz"]
[Result "1-0"]
[WhiteElo "2501"]
[BlackElo "2011"]
[PlyCount "49"]
[EventDate "2022.11.04"]
[EventType "swiss"]
[EventRounds "7"]
[EventCountry "DEN"]
[SourceTitle "Live"]

1. e4 c5 2. Nf3 d6 3. d4 cxd4 4. Nxd4 Nf6 5. Nc3 a6 6. h3 e5 7. Nde2 h5 8. g3
Nc6 9. Bg2 Be6 10. Be3 g6 11. Qd2 Na5 12. b3 Rc8 13. Na4 Nd7 14. O-O b5 15.
Nac3 Be7 16. a4 b4 17. Nd5 Nc6 18. f4 a5 19. Rac1 Nc5 20. Nxe7 Nxe7 21. Rfd1
Rc6 22. fxe5 Nc8 23. Nd4 Rb6 24. Nxe6 fxe6 25. Bxc5 1-0